Missing Word: Rulers with Unusual Nicknames Quiz Stats

Quiz Updated Jun 4, 2015

Challenge
Share
Tweet
Embed
Score 0/16 Timer 04:00
1 Play Today
Name Nickname % Correct
Ivan the _____Terrible
91.3%
_____ MaryBloody
84.2%
Vlad the _____Impaler
83.6%
Richard the _____Lionheart
77%
William the _____Conqueror
71.8%
Edward _____Longshanks
42.9%
Suleiman the _____Magnificent
39.2%
Edward the _____Confessor
37.8%
Name Nickname % Correct
Ethelred the _____Unready
36%
Pepin the _____Short
26.2%
Timur the _____Lame
16%
Harald _____Bluetooth
15.2%
Sweyn _____Forkbeard
15.1%
John the _____Good
13.9%
Philip the _____Fair
13.2%
Afonso the _____Fat
12.7%

Today's Daily Dose

Word Ladder
'90s Movies

Quick Pick
'Fire' Movies

On This Day
June 19th II

You're not logged in!

Compare scores with friends on all Sporcle quizzes.
Join for Free
OR
Log In

You Might Also Like...

Show Comments

Extras

Top Quizzes Today


Score Distribution

Your Account Isn't Verified!

In order to create a playlist on Sporcle, you need to verify the email address you used during registration. Go to your Sporcle Settings to finish the process.

Report this User

Report this user for behavior that violates our Community Guidelines.

Details: